[Event "DEM U14w 2003"]
[Site "Willingen GER"]
[Date "2003.06.11"]
[Round "6"]
[White "Laake, Jasmin"]
[Black "Zemella, Jennifer"]
[Result "1-0"]
[Termination "normal"]
[Board "2"]
[WhiteElo "1669"]
[BlackElo "1553"]
[PlyCount "95"]
[WhiteFideId "4699939"]
[BlackFideId "24636096"]
[EventCountry "GER"]
[EventRounds "9"]
[EventType "swiss"]
[EventDate "2003.06.07"]

1. e4 c5 2. Nf3 d6 3. d4 cxd4 4. Nxd4 Nf6 5. Nc3 a6 6. f3 e5 7. Nb3 Be6 8. Be3
Nbd7 9. g4 b5 10. g5 b4 11. gxf6 bxc3 12. fxg7 Bxg7 13. bxc3 Bh6 14. Qd3 Bxe3
15. Qxe3 Qc7 16. Rd1 a5 17. Bb5 a4 18. Nd2 Ke7 19. c4 Nc5 20. Nb1 a3 21. Ke2
Na4 22. Nxa3 Nb2 23. Rd2 Rhg8 24. Kf2 Nxc4 25. Nxc4 Bxc4 26. Bxc4 Qxc4 27. a3
Qa4 28. Rhd1 Rad8 29. Kf1 Qc4+ 30. Qe2 Qc5 31. Qf2 Qxa3 32. Rd3 Qc5 33. Qxc5
dxc5 34. Rd5 f6 35. c4 h6 36. Ra1 Rxd5 37. exd5 Rd8 38. Ra5 Rc8 39. Ra7+ Kd6
40. Rh7 Rc7 41. Rxh6 Rf7 42. Ke2 Ke7 43. Ke3 Rf8 44. Ke4 Rf7 45. Kf5 Rf8 46. h4
Rf7 47. h5 Rf8 48. d6+ 1-0

[Event "DEM U14w 2003"]
[Site "Willingen GER"]
[Date "2003.06.11"]
[Round "6"]
[White "Mucha, Annegret"]
[Black "Vollak, Marleen"]
[Result "0-1"]
[Termination "normal"]
[Board "3"]
[WhiteElo "1409"]
[BlackElo "1454"]
[PlyCount "112"]
[WhiteFideId "24622788"]
[BlackFideId "24624233"]
[EventCountry "GER"]
[EventRounds "9"]
[EventType "swiss"]
[EventDate "2003.06.07"]

1. e4 c5 2. d4 cxd4 3. c3 dxc3 4. Nxc3 Nc6 5. Nf3 e6 6. Bc4 Qc7 7. Qe2 Nf6 8.
e5 Ng4 9. Nb5 Qa5+ 10. Bd2 Bb4 11. Nd6+ Ke7 12. Rd1 Bxd2+ 13. Rxd2 Ngxe5 14.
Bb5 f6 15. Nxe5 Nxe5 16. f4 Nf7 17. Nxf7 Kxf7 18. O-O Rd8 19. Rfd1 Ke7 20. Qd3
f5 21. Qd6+ Kf7 22. Qe5 a6 23. Bxd7 Qxe5 24. fxe5 Ke7 25. Ba4 Rxd2 26. Rxd2 b5
27. Bc2 a5 28. a3 g5 29. Bd1 Bb7 30. Kf2 Rc8 31. Be2 Rc5 32. g3 Rxe5 33. Rc2
Kd8 34. Bd3 h5 35. Rd2 Kc7 36. Be2 g4 37. Rd4 Bc6 38. Rd2 b4 39. axb4 axb4 40.
Rd4 Re4 41. Rd2 f4 42. Rc2 Kd6 43. Bd3 fxg3+ 44. hxg3 Re5 45. Rc1 Bb5 46. Bxb5
Rxb5 47. Ke3 Rc5 48. Rd1+ Ke7 49. Rd2 Rf5 50. Rg2 Kf6 51. Kd4 Rf3 52. Kc4 b3
53. Kd4 Kf5 54. Kc4 e5 55. Kc5 Ke4 56. Kc4 Re3 0-1

[Event "DEM U14w 2003"]
[Site "Willingen GER"]
[Date "2003.06.11"]
[Round "6"]
[White "Nguyen, Hoa My"]
[Black "Tovmasian, Nelli"]
[Result "0-1"]
[Termination "normal"]
[Board "4"]
[WhiteElo "1627"]
[BlackElo "1433"]
[PlyCount "86"]
[BlackFideId "24611735"]
[EventCountry "GER"]
[EventRounds "9"]
[EventType "swiss"]
[EventDate "2003.06.07"]

1. e4 c6 2. d4 d5 3. exd5 cxd5 4. c4 Nf6 5. Nc3 g6 6. Bg5 Bg7 7. Bxf6 Bxf6 8.
Nxd5 Bg7 9. Nf3 Bg4 10. Qa4+ Nc6 11. Ne5 Bd7 12. Nxd7 Qxd7 13. Be2 O-O 14. O-O
Rfd8 15. Rfe1 e6 16. Nc3 Nxd4 17. Bd1 Qxa4 18. Bxa4 Rac8 19. Bb3 Nc6 20. Rac1
Na5 21. Na4 Rd4 22. c5 Nxb3 23. axb3 Rb4 24. Rc4 Rxb3 25. Rec1 Bxb2 26. Nxb2
Rxb2 27. g3 Rc6 28. Ra1 a6 29. Rac1 a5 30. Ra4 Rb5 31. Rac4 a4 32. Rxa4 Rbxc5
33. Rxc5 Rxc5 34. Rb4 b5 35. Kf1 Kg7 36. Ke2 Rc2+ 37. Ke3 Rc5 38. Kd3 h5 39.
Re4 g5 40. h3 e5 41. f4 exf4 42. gxf4 g4 43. hxg4 hxg4 0-1

[Event "DEM U14w 2003"]
[Site "Willingen GER"]
[Date "2003.06.11"]
[Round "6"]
[White "Fuchs, Judith"]
[Black "Gasch, Franziska"]
[Result "1/2-1/2"]
[Termination "normal"]
[Board "5"]
[WhiteElo "1655"]
[BlackElo "1546"]
[PlyCount "69"]
[WhiteFideId "24605611"]
[BlackFideId "24632139"]
[EventCountry "GER"]
[EventRounds "9"]
[EventType "swiss"]
[EventDate "2003.06.07"]

1. e4 d5 2. exd5 Nf6 3. d4 Nxd5 4. Nf3 Bg4 5. h3 Bh5 6. g4 Bg6 7. Ne5 e6 8. Bg2
c6 9. O-O Nd7 10. Nxg6 hxg6 11. c4 N5b6 12. Qe2 Be7 13. Nc3 Nf6 14. Be3 Qd7 15.
a4 Nh7 16. f4 g5 17. Rad1 gxf4 18. Bxf4 O-O 19. Bg3 Rad8 20. Kh1 Bf6 21. Be5
Qe7 22. Bxf6 Nxf6 23. d5 cxd5 24. cxd5 e5 25. Rfe1 Rfe8 26. d6 Rxd6 27. Rxd6
Qxd6 28. Bxb7 Qb4 29. Bc6 Re7 30. Bb5 Qd6 31. Rd1 Qc7 32. g5 Nh7 33. h4 Qc8 34.
Qd3 Nf8 35. Qf3 1/2-1/2

[Event "DEM U14w 2003"]
[Site "Willingen GER"]
[Date "2003.06.11"]
[Round "6"]
[White "Gossmann, Anna Maria"]
[Black "Zikeli, Saskia"]
[Result "0-1"]
[Termination "normal"]
[Board "6"]
[WhiteElo "1575"]
[BlackElo "1830"]
[PlyCount "46"]
[BlackFideId "24601543"]
[EventCountry "GER"]
[EventRounds "9"]
[EventType "swiss"]
[EventDate "2003.06.07"]

1. e4 c5 2. Nf3 d6 3. d4 cxd4 4. Nxd4 Nf6 5. Nc3 g6 6. Be3 Bg7 7. f3 O-O 8. Bc4
Nc6 9. Qd2 Bd7 10. O-O-O Qa5 11. Bb3 Rfc8 12. Kb1 Ne5 13. Bg5 Qd8 14. h4 Nc4
15. Bxc4 Rxc4 16. Nde2 Rac8 17. e5 Ne8 18. exd6 Rxc3 19. Nxc3 Rxc3 20. bxc3 Qa5
21. Rdg1 Bxc3 22. Qf4 Qa3 23. Qc1 Qb4+ 0-1

[Event "DEM U14w 2003"]
[Site "Willingen GER"]
[Date "2003.06.11"]
[Round "6"]
[White "Erben, Larissa"]
[Black "Jehle, Anja"]
[Result "1-0"]
[Termination "normal"]
[Board "8"]
[WhiteElo "1551"]
[BlackElo "1618"]
[PlyCount "81"]
[WhiteFideId "24634590"]
[BlackFideId "24631434"]
[EventCountry "GER"]
[EventRounds "9"]
[EventType "swiss"]
[EventDate "2003.06.07"]

1. e4 e6 2. d4 d5 3. exd5 exd5 4. c4 Be6 5. Nf3 dxc4 6. Qa4+ Qd7 7. Qxd7+ Nxd7
8. Nc3 a6 9. Be2 Ngf6 10. O-O Bd6 11. Ng5 b5 12. Nxe6 fxe6 13. Bf3 Rb8 14. Re1
Kf7 15. Bg5 h6 16. Bd2 Nb6 17. Re2 Nbd5 18. Ne4 Nxe4 19. Rxe4 Nf6 20. Re2 Rhe8
21. b3 e5 22. Bc6 Re7 23. d5 Bc5 24. bxc4 bxc4 25. Rc1 Bb4 26. Be3 c3 27. Ba7
Rd8 28. a3 Bxa3 29. Rxc3 Bb4 30. Rf3 Kg8 31. Rb2 Nxd5 32. Rd3 Kf8 33. Rxb4 Nxb4
34. Rxd8+ Kf7 35. Ba4 c5 36. Bxc5 Rb7 37. Rf8+ Kg6 38. Ra8 Kh7 39. Bxb4 Rxb4
40. Bc2+ e4 41. f3 1-0

[Event "DEM U14w 2003"]
[Site "Willingen GER"]
[Date "2003.06.11"]
[Round "6"]
[White "Völschow, Toni"]
[Black "Weiß, Katharina"]
[Result "1/2-1/2"]
[Termination "normal"]
[Board "9"]
[WhiteElo "1382"]
[BlackElo "1541"]
[PlyCount "60"]
[WhiteFideId "24622591"]
[BlackFideId "24692859"]
[EventCountry "GER"]
[EventRounds "9"]
[EventType "swiss"]
[EventDate "2003.06.07"]

1. Nf3 d5 2. b4 e6 3. Bb2 Nf6 4. a3 c5 5. bxc5 Bxc5 6. e3 O-O 7. d4 Bd6 8. Nbd2
Nc6 9. c4 Bc7 10. Be2 Rb8 11. O-O dxc4 12. Bxc4 b5 13. Be2 a5 14. e4 b4 15. Qc2
bxa3 16. Bxa3 Nb4 17. Bxb4 Rxb4 18. Rfb1 Qe7 19. Rxb4 axb4 20. Nb3 Bb7 21. Nfd2
Rc8 22. Qd3 Bb6 23. Qb5 Nd7 24. Rc1 Rxc1+ 25. Nxc1 Qd6 26. Ncb3 Bc6 27. Qd3 Bc7
28. g3 Nb6 29. Bf3 Na4 30. Qc4 Bb7 1/2-1/2

[Event "DEM U14w 2003"]
[Site "Willingen GER"]
[Date "2003.06.11"]
[Round "6"]
[White "Hofmann, Christine"]
[Black "Benzen, Marthe"]
[Result "1-0"]
[Termination "normal"]
[Board "10"]
[WhiteElo "1445"]
[BlackElo "1405"]
[PlyCount "75"]
[BlackFideId "24647764"]
[EventCountry "GER"]
[EventRounds "9"]
[EventType "swiss"]
[EventDate "2003.06.07"]

1. d4 d5 2. c4 e6 3. Nc3 Nf6 4. e3 c5 5. Nf3 Nc6 6. Be2 a6 7. O-O dxc4 8. Bxc4
b5 9. Bb3 Bb7 10. a4 c4 11. axb5 axb5 12. Rxa8 Qxa8 13. Nxb5 Qb8 14. Bxc4 Ba6
15. Nc7+ Qxc7 16. Bxa6 Bd6 17. Bd3 O-O 18. Bd2 Rb8 19. Bc3 Ng4 20. h3 Nf6 21.
Nd2 Nb4 22. Ne4 Nxe4 23. Bxe4 Qc4 24. Qh5 f5 25. Bb1 Nd5 26. Rc1 Nxc3 27. bxc3
g6 28. Qd1 Ba3 29. Bd3 Qc6 30. Rc2 Qb6 31. Qa1 Bd6 32. f4 e5 33. Qa2+ Kg7 34.
Rf2 e4 35. Bf1 Qc6 36. c4 Ra8 37. Qb2 Ra3 38. d5+ 1-0

[Event "DEM U14w 2003"]
[Site "Willingen GER"]
[Date "2003.06.11"]
[Round "6"]
[White "Dittrich, Jacqueline"]
[Black "Weber, Kristina"]
[Result "1/2-1/2"]
[Termination "normal"]
[Board "11"]
[WhiteElo "1473"]
[BlackElo "1363"]
[PlyCount "44"]
[WhiteFideId "24666270"]
[EventCountry "GER"]
[EventRounds "9"]
[EventType "swiss"]
[EventDate "2003.06.07"]

1. e4 e6 2. d4 d5 3. exd5 exd5 4. Nf3 Nc6 5. Bd3 Bg4 6. c3 Bd6 7. Be3 Nf6 8.
Nbd2 Qe7 9. h3 Bh5 10. Qb3 O-O-O 11. O-O-O Bxf3 12. Nxf3 Ne4 13. Rde1 Qd7 14.
Nd2 Nxd2 15. Bxd2 Be7 16. Bb5 Bf6 17. Re2 a6 18. Bd3 Bxd4 19. cxd4 Nxd4 20. Qd1
Nxe2+ 21. Qxe2 Qc6+ 22. Kb1 Rde8 1/2-1/2

[Event "DEM U14w 2003"]
[Site "Willingen GER"]
[Date "2003.06.11"]
[Round "6"]
[White "Saak, Sarah"]
[Black "Popovic, Nathalie"]
[Result "0-1"]
[Termination "normal"]
[Board "12"]
[WhiteElo "1611"]
[BlackElo "1334"]
[PlyCount "120"]
[BlackFideId "24630292"]
[EventCountry "GER"]
[EventRounds "9"]
[EventType "swiss"]
[EventDate "2003.06.07"]

1. b4 d5 2. e3 Nf6 3. Bb2 e6 4. Nf3 Bxb4 5. Be2 O-O 6. O-O Bd6 7. Bd3 Nbd7 8.
Kh1 c5 9. c4 Qc7 10. Nc3 Ne5 11. Nb5 Qb8 12. Nxe5 Bxe5 13. Bxe5 Qxe5 14. f4 Qb8
15. cxd5 exd5 16. Qf3 a6 17. Nc3 Qd6 18. Rg1 Qd7 19. h3 b5 20. g4 Bb7 21. Kh2
d4 22. Ne4 Nxe4 23. Bxe4 Bxe4 24. Qxe4 Rae8 25. Qc2 dxe3 26. dxe3 Rxe3 27. Qxc5
Re2+ 28. Rg2 Rfe8 29. Rag1 h6 30. Qa3 Qd2 31. f5 Qf4+ 32. Qg3 Qa4 33. a3 R2e3
34. Qd6 Qxa3 35. Qxa3 Rxa3 36. g5 Ree3 37. Rg3 Rxg3 38. Rxg3 Rxg3 39. Kxg3 hxg5
40. Kf3 b4 41. Ke3 a5 42. Kd2 b3 43. Kc3 a4 44. Kb2 Kf8 45. Ka3 Ke7 46. Kb2 Kf6
47. Ka3 Kxf5 48. Kb2 g4 49. hxg4+ Kxg4 50. Kc3 f5 51. Kb2 f4 52. Kc3 f3 53. Kb2
f2 54. Kc3 f1=Q 55. Kd4 b2 56. Kc5 b1=R 57. Kc6 Qc4+ 58. Kd7 Rd1+ 59. Ke7 Qe4+
60. Kf7 Rd6 0-1

[Event "DEM U14w 2003"]
[Site "Willingen GER"]
[Date "2003.06.11"]
[Round "6"]
[White "Ley, Janine"]
[Black "Laake, Tamara"]
[Result "1-0"]
[Termination "normal"]
[Board "13"]
[WhiteElo "1360"]
[BlackElo "1486"]
[PlyCount "73"]
[WhiteFideId "24671274"]
[EventCountry "GER"]
[EventRounds "9"]
[EventType "swiss"]
[EventDate "2003.06.07"]

1. c4 e5 2. Nc3 d6 3. g3 g6 4. Bg2 Bg7 5. e3 Nc6 6. Nge2 f5 7. d4 Nf6 8. f4 Qe7
9. O-O O-O 10. Re1 e4 11. d5 Nb4 12. Nd4 Nd3 13. Re2 h6 14. Bd2 Nxb2 15. Qb3
Nd3 16. Na4 Qf7 17. Bc3 g5 18. Nb2 Nxb2 19. Rxb2 Ng4 20. fxg5 hxg5 21. Re2 Bxd4
22. Bxd4 Qh5 23. h3 Ne5 24. Rf2 Nd3 25. Rff1 b6 26. Qa4 Bb7 27. Qd7 Rf7 28. Qe6
Raf8 29. g4 fxg4 30. hxg4 Qh7 31. Bxe4 Bc8 32. Bxh7+ Kxh7 33. Rxf7+ Rxf7 34.
Qxf7+ Kh6 35. Bg7+ Kh7 36. Bf8+ Kh8 37. Qg7# 1-0

[Event "DEM U14w 2003"]
[Site "Willingen GER"]
[Date "2003.06.11"]
[Round "6"]
[White "Nekrassova, Katja"]
[Black "Goergen, Barbara"]
[Result "1-0"]
[Termination "normal"]
[Board "14"]
[WhiteElo "1220"]
[BlackElo "1526"]
[PlyCount "49"]
[EventCountry "GER"]
[EventRounds "9"]
[EventType "swiss"]
[EventDate "2003.06.07"]

1. d4 d5 2. e3 Bf5 3. Bd3 Bxd3 4. cxd3 c6 5. Nc3 e6 6. e4 Qb6 7. Nf3 Bb4 8. Qb3
Nd7 9. O-O Bxc3 10. bxc3 Ne7 11. Ba3 Ng6 12. g3 Qxb3 13. axb3 O-O-O 14. c4 b6
15. Ng5 dxe4 16. dxe4 f6 17. Nf7 Nb8 18. Nxh8 Nxh8 19. Rfd1 Nf7 20. f4 Kc7 21.
Be7 Re8 22. Rxa7+ Kc8 23. Bxf6 gxf6 24. Rxf7 Nd7 25. Rxh7 1-0

[Event "DEM U14w 2003"]
[Site "Willingen GER"]
[Date "2003.06.12"]
[Round "7"]
[White "Ohme, Melanie"]
[Black "Tovmasian, Nelli"]
[Result "1-0"]
[Termination "normal"]
[Board "1"]
[WhiteElo "1736"]
[BlackElo "1433"]
[PlyCount "21"]
[WhiteFideId "4690745"]
[BlackFideId "24611735"]
[EventCountry "GER"]
[EventRounds "9"]
[EventType "swiss"]
[EventDate "2003.06.07"]

1. e4 e6 2. d3 d5 3. Nd2 Nc6 4. g3 Nge7 5. Bg2 b6 6. Ngf3 Bb7 7. O-O Qd7 8. Re1
d4 9. Nc4 h6 10. Nfe5 f6 11. Nxd7 1-0

[Event "DEM U14w 2003"]
[Site "Willingen GER"]
[Date "2003.06.12"]
[Round "7"]
[White "Vollak, Marleen"]
[Black "Laake, Jasmin"]
[Result "0-1"]
[Termination "normal"]
[Board "2"]
[WhiteElo "1454"]
[BlackElo "1669"]
[PlyCount "106"]
[WhiteFideId "24624233"]
[BlackFideId "4699939"]
[EventCountry "GER"]
[EventRounds "9"]
[EventType "swiss"]
[EventDate "2003.06.07"]

1. d4 Nf6 2. c4 g6 3. Nc3 Bg7 4. e4 d6 5. Be2 O-O 6. Bg5 c5 7. d5 e6 8. f3 exd5
9. Nxd5 Nc6 10. Qd2 Be6 11. Bd3 Re8 12. Ne2 Bxd5 13. cxd5 Ne5 14. O-O Qb6 15.
Be3 Nxd5 16. exd5 Nxd3 17. Qxd3 c4 18. Bxb6 cxd3 19. Nf4 axb6 20. Nxd3 Ra5 21.
Nb4 Bxb2 22. Rab1 Bc3 23. Kf2 Bxb4 24. Rxb4 Rxd5 25. Rxb6 Rd2+ 26. Kg3 Rxa2 27.
Rxb7 d5 28. Rb4 Rd2 29. h4 d4 30. f4 Kg7 31. h5 Re3+ 32. Kg4 d3 33. hxg6 hxg6
34. f5 Rde2 35. fxg6 Kxg6 36. Rd4 f5+ 37. Kf4 Re4+ 38. Rxe4 fxe4 39. g4 d2 40.
Rd1 e3 41. Ra1 Re1 42. Ra6+ Kf7 43. Ra7+ Ke6 44. Ra6+ Kd7 45. Ra7+ Kc6 46. Ra6+
Kb7 47. Rd6 d1=Q 48. Rxd1 Rxd1 49. Kxe3 Rf1 50. Ke4 Kc6 51. Ke5 Kd7 52. g5 Ke7
53. g6 Kf8 0-1

[Event "DEM U14w 2003"]
[Site "Willingen GER"]
[Date "2003.06.12"]
[Round "7"]
[White "Zemella, Jennifer"]
[Black "Mader, Manuela"]
[Result "0-1"]
[Termination "normal"]
[Board "3"]
[WhiteElo "1553"]
[BlackElo "1672"]
[PlyCount "74"]
[WhiteFideId "24636096"]
[BlackFideId "24612928"]
[EventCountry "GER"]
[EventRounds "9"]
[EventType "swiss"]
[EventDate "2003.06.07"]

1. e4 e5 2. Nf3 Nc6 3. Bc4 Nf6 4. d3 Bc5 5. c3 O-O 6. Nbd2 d6 7. Bb3 Ne8 8. h3
Be6 9. Nf1 h6 10. g4 d5 11. Ng3 dxe4 12. Nxe4 Bb6 13. Be3 Bxb3 14. axb3 Nd6 15.
Nc5 Rb8 16. b4 Qe7 17. Nd2 Kh8 18. Qe2 f5 19. f3 Qf7 20. O-O-O f4 21. Bf2 Bxc5
22. Bxc5 Rfe8 23. Rdg1 g6 24. h4 Nb5 25. Kb1 a5 26. bxa5 Nxa5 27. Ne4 Ra8 28.
c4 Nd4 29. Bxd4 exd4 30. Qd2 Qf8 31. g5 h5 32. Nf6 Re3 33. Rf1 Nb3 34. Qf2 Qb4
35. Nd5 Qa4 36. Nxe3 dxe3 37. Qh2 Nd4 0-1

[Event "DEM U14w 2003"]
[Site "Willingen GER"]
[Date "2003.06.12"]
[Round "7"]
[White "Zikeli, Saskia"]
[Black "Erben, Larissa"]
[Result "1/2-1/2"]
[Termination "normal"]
[Board "4"]
[WhiteElo "1830"]
[BlackElo "1551"]
[PlyCount "43"]
[WhiteFideId "24601543"]
[BlackFideId "24634590"]
[EventCountry "GER"]
[EventRounds "9"]
[EventType "swiss"]
[EventDate "2003.06.07"]

1. e4 e5 2. Nf3 Nc6 3. Bb5 Bc5 4. O-O Nd4 5. Nxd4 Bxd4 6. c3 Bb6 7. d4 exd4 8.
cxd4 c6 9. Bc4 d5 10. exd5 cxd5 11. Re1+ Ne7 12. Bd3 O-O 13. Be3 Be6 14. Nc3
Rc8 15. Qh5 Ng6 16. f4 f5 17. Rac1 Qf6 18. Qf3 Bxd4 19. Nxd5 Bxe3+ 20. Nxe3
Rxc1 21. Rxc1 Qxb2 22. Rc7 1/2-1/2

[Event "DEM U14w 2003"]
[Site "Willingen GER"]
[Date "2003.06.12"]
[Round "7"]
[White "Tischer, Jana"]
[Black "Fuchs, Judith"]
[Result "0-1"]
[Termination "normal"]
[Board "5"]
[WhiteElo "1619"]
[BlackElo "1655"]
[PlyCount "66"]
[WhiteFideId "24617164"]
[BlackFideId "24605611"]
[EventCountry "GER"]
[EventRounds "9"]
[EventType "swiss"]
[EventDate "2003.06.07"]

1. e4 c6 2. d4 d5 3. exd5 cxd5 4. c4 Nf6 5. Nc3 Be6 6. c5 g6 7. Nf3 Bg7 8. Bd3
O-O 9. O-O Nc6 10. Re1 Bg4 11. Be2 Re8 12. h3 Bf5 13. Bf4 Ne4 14. Nb5 Rc8 15.
Bd3 a6 16. Na3 Nxd4 17. g4 Nxf3+ 18. Qxf3 Bd7 19. Bxe4 dxe4 20. Qxe4 Bxb2 21.
Rad1 e5 22. Qxb7 exf4 23. Qxb2 Rxe1+ 24. Rxe1 Rxc5 25. Qd4 Qa5 26. Rd1 Be6 27.
Qf6 Rc8 28. Qb2 Qg5 29. Rd6 f3 30. Rd1 Bxg4 31. Qd2 Qh4 32. Qa5 Bxh3 33. Nc2
Qg4+ 0-1

[Event "DEM U14w 2003"]
[Site "Willingen GER"]
[Date "2003.06.12"]
[Round "7"]
[White "Gasch, Franziska"]
[Black "Nguyen, Hoa My"]
[Result "0-1"]
[Termination "normal"]
[Board "6"]
[WhiteElo "1546"]
[BlackElo "1627"]
[PlyCount "58"]
[WhiteFideId "24632139"]
[EventCountry "GER"]
[EventRounds "9"]
[EventType "swiss"]
[EventDate "2003.06.07"]

1. e4 c5 2. d3 Nc6 3. g3 g6 4. Bg2 Bg7 5. Nf3 e6 6. O-O Nge7 7. Nbd2 O-O 8. Re1
d5 9. h4 b6 10. Nh2 e5 11. Ndf1 Bb7 12. h5 dxe4 13. Bxe4 f5 14. Bg2 Qc7 15. Ne3
f4 16. gxf4 Nd4 17. Bxb7 Qxb7 18. Ng2 exf4 19. Bxf4 Nd5 20. Bd2 Qf7 21. Rf1 Be5
22. Ng4 Nf3+ 23. Kh1 Qd7 24. Qxf3 Rxf3 25. Nxe5 Qh3+ 26. Kg1 Rf5 27. Nc4 Rxh5
28. f4 Qh2+ 29. Kf2 Nxf4 0-1

[Event "DEM U14w 2003"]
[Site "Willingen GER"]
[Date "2003.06.12"]
[Round "7"]
[White "Hofmann, Christine"]
[Black "Mucha, Annegret"]
[Result "1-0"]
[Termination "normal"]
[Board "7"]
[WhiteElo "1445"]
[BlackElo "1409"]
[PlyCount "51"]
[BlackFideId "24622788"]
[EventCountry "GER"]
[EventRounds "9"]
[EventType "swiss"]
[EventDate "2003.06.07"]

1. d4 f5 2. c4 e6 3. Nc3 Nf6 4. Bg5 Be7 5. Nf3 O-O 6. e3 d6 7. Bd3 b6 8. Qc2
Nc6 9. a3 Ng4 10. Bxe7 Nxe7 11. h3 Nf6 12. g4 Bb7 13. Be2 fxg4 14. hxg4 Ng6 15.
g5 Nd7 16. Rh3 Rf7 17. O-O-O Rc8 18. d5 exd5 19. cxd5 Ndf8 20. Rdh1 c6 21. Bd3
Qe8 22. Bxg6 Nxg6 23. Qxg6 Kf8 24. Rxh7 Qd7 25. Rh8+ Ke7 26. Qe4+ 1-0

[Event "DEM U14w 2003"]
[Site "Willingen GER"]
[Date "2003.06.12"]
[Round "7"]
[White "Jehle, Anja"]
[Black "Völschow, Toni"]
[Result "1/2-1/2"]
[Termination "normal"]
[Board "8"]
[WhiteElo "1618"]
[BlackElo "1382"]
[PlyCount "41"]
[WhiteFideId "24631434"]
[BlackFideId "24622591"]
[EventCountry "GER"]
[EventRounds "9"]
[EventType "swiss"]
[EventDate "2003.06.07"]

1. d4 b5 2. e3 Bb7 3. Nf3 a6 4. c4 bxc4 5. Bxc4 e6 6. Nc3 d5 7. Bd3 Nf6 8. O-O
c5 9. dxc5 Bxc5 10. b3 O-O 11. Bb2 Nbd7 12. Ne2 Re8 13. Rc1 Rc8 14. Ng3 Qb6 15.
Ne5 Nxe5 16. Bxe5 Nd7 17. Bb2 e5 18. Bf5 Rc7 19. Nh5 Nf6 20. Nxf6+ Qxf6 21. Bh3
1/2-1/2

[Event "DEM U14w 2003"]
[Site "Willingen GER"]
[Date "2003.06.12"]
[Round "7"]
[White "Nuber, Helene"]
[Black "Ley, Janine"]
[Result "1/2-1/2"]
[Termination "normal"]
[Board "10"]
[WhiteElo "1542"]
[BlackElo "1360"]
[PlyCount "92"]
[WhiteFideId "24613045"]
[BlackFideId "24671274"]
[EventCountry "GER"]
[EventRounds "9"]
[EventType "swiss"]
[EventDate "2003.06.07"]

1. e4 c5 2. Nc3 Nc6 3. g3 g6 4. Bg2 Bg7 5. d3 e6 6. f4 Nge7 7. Nf3 f5 8. e5 d6
9. exd6 Qxd6 10. Be3 b6 11. Nb5 Qd8 12. d4 Nd5 13. Bf2 c4 14. c3 a6 15. Na3 b5
16. O-O O-O 17. Nc2 Bb7 18. Re1 Re8 19. Ng5 Qd7 20. Qd2 h6 21. Nf3 Nce7 22. Re2
Nc6 23. Rae1 Kf7 24. Ne3 Rad8 25. a3 Nf6 26. Ne5+ Nxe5 27. fxe5 Ne4 28. Qc2 h5
29. h3 Bh6 30. g4 Nxf2 31. Rxf2 Bxe3 32. Rxe3 Bxg2 33. Kxg2 Qb7+ 34. Qe4 Qxe4+
35. Rxe4 hxg4 36. hxg4 Rh8 37. gxf5 gxf5 38. Re3 Rh5 39. Rff3 Rg8+ 40. Rg3 Rhg5
41. Rxg5 Rxg5+ 42. Rg3 Rxg3+ 43. Kxg3 Ke7 44. Kf4 Kd7 45. Kg5 Kc6 46. Kf4 Kd5
1/2-1/2

[Event "DEM U14w 2003"]
[Site "Willingen GER"]
[Date "2003.06.12"]
[Round "7"]
[White "Weiß, Katharina"]
[Black "Popovic, Nathalie"]
[Result "1/2-1/2"]
[Termination "normal"]
[Board "11"]
[WhiteElo "1541"]
[BlackElo "1334"]
[PlyCount "103"]
[WhiteFideId "24692859"]
[BlackFideId "24630292"]
[EventCountry "GER"]
[EventRounds "9"]
[EventType "swiss"]
[EventDate "2003.06.07"]

1. e4 e6 2. d4 d5 3. Nd2 Nf6 4. e5 Nfd7 5. f4 c5 6. c3 Nc6 7. Ndf3 Be7 8. Bd3
O-O 9. Ne2 a6 10. O-O b5 11. Kh1 Nb6 12. Qc2 h6 13. g4 Bd7 14. Rg1 Rc8 15. g5
hxg5 16. Nxg5 cxd4 17. Bxb5 Bxg5 18. Bxc6 Bh6 19. Bxd7 Qxd7 20. Nxd4 Na4 21.
Qg2 g6 22. h4 Kh7 23. Qh3 Rg8 24. h5 gxh5 25. Rxg8 Rxg8 26. Qxh5 Kg7 27. f5
Bxc1 28. Rxc1 Kf8 29. Qh6+ Ke7 30. Qf6+ Ke8 31. fxe6 fxe6 32. Qxe6+ Qxe6 33.
Nxe6 Ke7 34. Nf4 Nxb2 35. Nxd5+ Ke6 36. Nc7+ Kxe5 37. Nxa6 Nd3 38. Rc2 Rc8 39.
Kg1 Ne1 40. Re2+ Kd5 41. Rxe1 Rxc3 42. Kf2 Kc4 43. Re2 Kb5 44. Nb8 Ka4 45. Nd7
Ka3 46. Nf6 Rc1 47. Ne4 Ra1 48. Nc3 Rc1 49. Nb5+ Ka4 50. Nd4 Ka3 51. Ke3 Rb1
52. Nc6 1/2-1/2

[Event "DEM U14w 2003"]
[Site "Willingen GER"]
[Date "2003.06.12"]
[Round "7"]
[White "Nekrassova, Katja"]
[Black "Dittrich, Jacqueline"]
[Result "1/2-1/2"]
[Termination "normal"]
[Board "12"]
[WhiteElo "1220"]
[BlackElo "1473"]
[PlyCount "49"]
[BlackFideId "24666270"]
[EventCountry "GER"]
[EventRounds "9"]
[EventType "swiss"]
[EventDate "2003.06.07"]

1. d4 d5 2. e3 Nf6 3. Bd3 c5 4. c3 Nc6 5. Nd2 e5 6. dxe5 Nxe5 7. Bb5+ Bd7 8.
Bxd7+ Qxd7 9. Ngf3 Bd6 10. Nxe5 Bxe5 11. Nf3 Qc7 12. Qc2 O-O 13. O-O Rfe8 14.
h3 Rad8 15. Rd1 g6 16. Nxe5 Qxe5 17. b3 Qe4 18. Qxe4 Nxe4 19. Bb2 f5 20. Rd3 c4
21. Rd4 cxb3 22. axb3 a6 23. Rad1 Rc8 24. R1d3 Nc5 25. Rd1 1/2-1/2

[Event "DEM U14w 2003"]
[Site "Willingen GER"]
[Date "2003.06.12"]
[Round "7"]
[White "Benzen, Marthe"]
[Black "Laake, Tamara"]
[Result "1/2-1/2"]
[Termination "normal"]
[Board "13"]
[WhiteElo "1405"]
[BlackElo "1486"]
[PlyCount "92"]
[WhiteFideId "24647764"]
[EventCountry "GER"]
[EventRounds "9"]
[EventType "swiss"]
[EventDate "2003.06.07"]

1. e4 e5 2. Nf3 d6 3. Bc4 Be7 4. d4 exd4 5. Nxd4 Nf6 6. Nc3 O-O 7. Be3 Re8 8.
O-O Bf8 9. f3 Nbd7 10. Bg5 c6 11. Qd2 Ne5 12. Bb3 h6 13. Bh4 Nxe4 14. Qf4 Nf6
15. Ne4 Be7 16. Rfe1 Rf8 17. Nf5 Bxf5 18. Qxf5 Nxe4 19. Bxe7 Qxe7 20. Rxe4 Qf6
21. Qxf6 gxf6 22. f4 Ng6 23. c4 Rae8 24. Rae1 Rxe4 25. Rxe4 Rd8 26. g3 Kg7 27.
h4 Kf8 28. Kf2 d5 29. cxd5 cxd5 30. Rd4 Ne7 31. Kf3 f5 32. Ke3 Kg7 33. Ra4 Nc6
34. h5 d4+ 35. Kd2 Kf6 36. Rc4 Rd7 37. Ba4 Rd6 38. Kd3 Ke6 39. Bxc6 bxc6 40.
Rxd4 c5 41. Rxd6+ Kxd6 42. Kc4 Kc6 43. a4 a5 44. b3 f6 45. Kc3 Kc7 46. Kd3 Kd7
1/2-1/2

[Event "DEM U14w 2003"]
[Site "Willingen GER"]
[Date "2003.06.12"]
[Round "7"]
[White "Goergen, Barbara"]
[Black "Saak, Sarah"]
[Result "1/2-1/2"]
[Termination "normal"]
[Board "14"]
[WhiteElo "1526"]
[BlackElo "1611"]
[PlyCount "63"]
[EventCountry "GER"]
[EventRounds "9"]
[EventType "swiss"]
[EventDate "2003.06.07"]

1. e4 e6 2. d4 d5 3. Nc3 Bb4 4. exd5 exd5 5. Bd3 Nc6 6. Nge2 Nge7 7. O-O Bg4 8.
f3 Bh5 9. Be3 Qd7 10. a3 Bxc3 11. bxc3 O-O-O 12. Qb1 Bg6 13. Nf4 h5 14. a4 Na5
15. Nxg6 Nxg6 16. Qb5 b6 17. Qxd7+ Kxd7 18. Bf5+ Kc6 19. Bg5 Rde8 20. Bd3 Re6
21. Rae1 Rxe1 22. Rxe1 Rg8 23. Bxg6 fxg6 24. Re6+ Kd7 25. Rxg6 Ke8 26. Bf4 c6
27. Rg5 g6 28. h4 Kf7 29. g4 Nc4 30. Kf2 Nb2 31. gxh5 Nxa4 32. hxg6+ 1/2-1/2